Juice Wrld - Empty out Your Pockets Lyrics Quiz - Statistics

General Stats
  • This quiz has been taken 55 times
  • The average score is 235 of 352
Answer Stats
Lyrics % Correct
a
100%
back
100%
Back
100%
Empty
100%
I
100%
out
100%
pocket
100%
you
100%
You
100%
all
97%
fall
97%
need
97%
that
97%
the
97%
The
97%
your
97%
Mill
95%
pockets
95%
for
92%
get
92%
Get
92%
million
92%
change
90%
me
90%
chameleons
87%
millions
87%
So
87%
money
85%
then
85%
they
85%
day
82%
in
82%
switch
82%
Yeah
82%
yeah
82%
and
79%
fame
79%
some
79%
G Money
77%
man
77%
Niggas
77%
niggas
77%
same
74%
days
72%
my
72%
We
72%
be
69%
Louis
69%
pennies
69%
said
69%
ain’t
67%
got
67%
he
67%
I’m
67%
they’ll
64%
theyll
64%
bag
59%
by
59%
it
59%
no
59%
page
59%
next
56%
Next
56%
To
56%
to
56%
Vuitton
56%
don’t
54%
on
54%
On
54%
race
54%
rack
54%
Sunday
54%
yellow
54%
Abe
51%
care
51%
countin’
51%
Countin’
51%
memory
51%
newspaper
51%
pages
51%
run
51%
uh
51%
aim
49%
away
49%
big
49%
blow
49%
brodie
49%
‘cause
49%
electric
49%
forgiveness
49%
gone
49%
happened
49%
if
49%
like
49%
Like
49%
Lincolns
49%
Prayin’
49%
after
46%
cash
46%
front
46%
guitars
46%
high
46%
way
46%
hurtin’
44%
ragin’
44%
up
44%
bike
41%
I’ma
41%
many
41%
racks
41%
wheelies
41%
been
38%
cell
38%
hell
38%
just
38%
Oh
38%
When
38%
when
38%
bills
36%
bought
36%
doin’
36%
felt
36%
I’ve
36%
mom
36%
myself
36%
never
36%
pain
36%
rock
36%
sag
36%
brought
33%
catch
33%
knots
33%
this
33%
will
33%
dead
31%
ended
31%
help
31%
Meek
31%
spend
31%
That’s
31%
try
31%
bet
28%
hit
28%
it’s
28%
serious
28%
shelf
28%
With
28%
wrist
28%
Everybody
26%
from
26%
fucked
26%
look
26%
meltin’
26%
AP
23%
backstreet
23%
give
23%
had
23%
ICEE
23%
doubted
21%
Put
21%
would’ve
18%
closet
15%
freezer
15%
where
15%
Turn
13%
(gleam)
8%
(please)
8%
No matching quizzes found
Score Distribution
Percent of People with Each Score
Percentile by Number Answered
Your Score History
You have not taken this quiz